| 000 | 01020nas a2200325 4500 | ||
|---|---|---|---|
| 001 | BR2011000457 | ||
| 003 | BR-BrBNA | ||
| 005 | 20231205114924.0 | ||
| 007 | ta | ||
| 008 | 230509b bl.|||p| |||| 00| 00por d | ||
| 040 |
_aBR-BrBNA _bpor _cBiblioteca Nacional de Agricultura |
||
| 041 | _a(Pt) | ||
| 072 | _aQ80; Q02; Q04 | ||
| 100 | 1 | _aSaron, E.S. | |
| 100 | 1 | _aDantas, S.T. | |
| 100 | 1 | _aKiyataka, P.H.M. | |
| 100 | 1 | _aMenezes, H.C. de | |
| 100 | 1 | _aSoares, B.M.C. | |
| 245 | 1 | _aViabilidade da redução da camada de estanho em latas de aço para suco de maracujá pronto para beber | |
| 650 | _aLATA DE CONSERVA | ||
| 650 | _aREVESTIMENTO | ||
| 650 | _aMARACUJÁ | ||
| 650 | _aSUCO DE FRUTA | ||
| 650 | _aVIDA-DE-PRATELEIRA | ||
| 650 | _aCONTROLE DE QUALIDADE | ||
| 650 | _aANÁLISE DE ALIMENTO | ||
| 773 | 0 |
_tBrazilian Journal of Food Technology (Brazil) _xISSN 1519-0900 _g(Oct-Dec 2006), v. 9(4) p. 283-290 _wBR2011000457 |
|
| 909 |
_a202311 _bLúcia _c55 _dLúcia Elande |
||
| 942 |
_2AGRIS _n0 _cANA |
||
| 999 |
_c211233 _d211233 |
||